Les pays d'Amérique par ordre alphabétique - Statistiques

Statistiques générales
  • Ce quiz a été pris 101 fois
  • Le résultat moyen est 29 sur 35
Statistiques - réponses
LETTRE PAYS % Correct
A Argentine
93%
C Canada
92%
V Vénézuela
92%
B Brésil
91%
J Jamaïque
91%
E Equateur
90%
U Uruguay
90%
H Honduras
88%
B Bolivie
87%
P Paraguay
87%
C Cuba
86%
N Nicaragua
86%
P Pérou
86%
C Colombie
85%
M Mexique
85%
S Suriname
85%
G Guatemala
84%
B Bahamas
83%
E Etats-Unis
83%
H Haiti
83%
G Guyana
81%
A Antigua-et-Barbuda
80%
C Chili
80%
B Barbade
79%
C Costa Rica
79%
P Panama
78%
S Salvador
77%
D Dominique
76%
B Belize
74%
S Sainte Lucie
72%
S Saint-Vincent-et-les-Grenadines
71%
R République Dominicaine
70%
S Saint-Christophe-et-Niévès
70%
T Trinité-et-Tobago
70%
G Grenade
65%
Aucun quiz correspondant
Distribution des résultats
% des personnes avec chaque résultat
Percentile par nombre de réponses
Votre historique - résultats
Vous n’avez pas pris ce quiz